000 01602cam a2200325 i 4500
003 OSt
005 20250921120443.0
008 250920s2005 su g f000 0cara c
020 _a9960037622
040 _aSA-RiAUC
_bara
_cSA-RiAUC
_erda
082 0 4 _a928.1
_qSA-RiAUC
090 _a928.1
_bب د و
100 1 _aبدوي، صالح جمال،
_d1361 هجري-
_eمؤلف.
245 1 2 _aالمشايخ :
_bالطيب الطاهر الساسي-عبد الله الطاهر الساسي-عبد السلام الطاهر الساسي : لمحات من السيرة العلمية والعملية /
_cصالح جمال بدوي.
250 _aالطبعة الأولى.
264 1 _aمكة المكرمة :
_bجامعة أم القرى،
_c2005
300 _a31 صفحة ؛
_c24 سم.
336 _aنص
_btxt
_2rdacontent
_3كتاب
337 _aبدون وسيط
_bn
_2rdamedia
338 _aمجلد
_bnc
_2rdacarrier
490 1 _aلجنة تكريم رواد مكة المكرمة.
_aسلسلة السير والآثار العلمية ؛
_v8
600 1 7 _aالساسي، عبد السلام طاهر،
_d1336-1401 هجري
_2aucnm
600 1 7 _aالساسي، الطيب الطاهر
_2aucnm
600 1 7 _aالساسي، عبد الله الطاهر
_2aucnm
650 7 _aالشعراء السعوديون
_vتراجم
_2aucsh
830 0 _aلجنة تكريم رواد مكة المكرمة.
_pسلسلة السير والآثار العلمية
_v8
856 _uhttp://libback.uqu.edu.sa/hipres/E-BOOK-eb1845/.pdf
942 _2ddc
_cBOOK
_n0
949 _aSA-JeALM
_d250920
_umohamedma123
_n1
999 _c11937
_d11937